Vplyv dopytového a menovo-politického šoku na vývoj úrokových sadzieb v nových členských krajinách EU

Analýza reakcie krátkodobých nominálnych úrokových sadzieb na dopytové a menovo-politické šoky v nových členských krajinách EÚ prostredníctvom SVAR metodológie.

Guardado en:
Detalles Bibliográficos
Autor principal: Mirdala, Rajmund
Formato: Capítulo de libro
Lenguaje:eslovaco
Materias:
Etiquetas: Agregar Etiqueta
Sin Etiquetas, Sea el primero en etiquetar este registro!

MARC

LEADER 00000naa a2200000 4500
001 0200426
005 20220204144257.2
041 0 |a slo 
044 |a SK 
245 1 0 |a Vplyv dopytového a menovo-politického šoku na vývoj úrokových sadzieb v nových členských krajinách EU  |c Rajmund Mirdala 
520 |a Analýza reakcie krátkodobých nominálnych úrokových sadzieb na dopytové a menovo-politické šoky v nových členských krajinách EÚ prostredníctvom SVAR metodológie. 
610 2 0 |a miera úroková 
610 2 0 |a Európska únia 
610 2 0 |a sadzby úrokové 
610 2 0 |a kurz menový 
610 2 0 |a modely ekonometrické 
100 1 |a Mirdala, Rajmund